Adopción por primera vez de las NIIF (Registro nro. 7805)
[ vista simple ]
| 000 -LEADER | |
|---|---|
| fixed length control field | 01397 a2200253 4500 |
| 001 - CONTROL NUMBER | |
| control field | 62784 |
| 005 - DATE AND TIME OF LATEST TRANSACTION | |
| control field | 20260407155921.0 |
| 008 - FIXED-LENGTH DATA ELEMENTS--GENERAL INFORMATION | |
| fixed length control field | 260407a2012 arg spa d |
| 003 - CONTROL NUMBER IDENTIFIER | |
| control field | AR-UNSa-BCEJYS |
| 040 ## - CATALOGING SOURCE | |
| Original cataloging agency | AR-UNSa-BCEJYS |
| Language of cataloging | spa |
| Transcribing agency | AR-UNSa-BCEJYS |
| 080 ## - UNIVERSAL DECIMAL CLASSIFICATION NUMBER | |
| Universal Decimal Classification number | 657:006.3 |
| Common auxiliary subdivision | Normas Internacionales de Información Financiera (NIIF) |
| 020 ## - INTERNATIONAL STANDARD BOOK NUMBER | |
| International Standard Book Number | 978-987-1577-75-0 |
| 041 ## - LANGUAGE CODE | |
| Language code of text/sound track or separate title | spa |
| 100 1# - MAIN ENTRY--PERSONAL NAME | |
| Personal name | Casinelli, Hernán Pablo |
| 245 10 - TITLE STATEMENT | |
| Title | Adopción por primera vez de las NIIF |
| Name of part/section of a work | análisis práctico de la NIIF 1 |
| 264 #1 - PRODUCTION, PUBLICATION, DISTRIBUTION, MANUFACTURE, AND COPYRIGHT NOTICE | |
| Place of production, publication, distribution, manufacture | Buenos Aires : |
| Name of producer, publisher, distributor, manufacturer | Osmar D. Buyatti |
| Date of production, publication, distribution, manufacture, or copyright notice | 2012 |
| 300 ## - PHYSICAL DESCRIPTION | |
| Extent | 254 p. |
| Dimensions | 22 cm. |
| 505 ## - FORMATTED CONTENTS NOTE | |
| Formatted contents note | 1. La norma internacional de información financiera 1(NIIF1). Una visión general - 2. Consideraciones sobre el uso de estimaciones en la adopción de las NIIF por primera vez - 3. Excepciones obligatorias a la aplicación retroactiva de ciertas NIIF - 4.Exenciones voluntarias referidas a los activos de largo plazo - 5. Otras exenciones voluntarias - 6. El problema de la adopción de las NIIF en grupos económicos - 7. La administración d los ajustes de transición a las NIIF - 8. Revelaciones requeridas para los primeros estados financieros de acuerdo con las NIIF |
| 590 ## - LOCAL NOTE (RLIN) | |
| Local note | niveau_biblio:m niveau_hierar:0 |
| 650 ## - SUBJECT ADDED ENTRY--TOPICAL TERM | |
| Topical term or geographic name entry element | NIIF |
| 650 ## - SUBJECT ADDED ENTRY--TOPICAL TERM | |
| Topical term or geographic name entry element | niif |
| 856 41 - ELECTRONIC LOCATION AND ACCESS | |
| Uniform Resource Identifier | <a href="http://www.biblioeco.unsa.edu.ar/pmb/images/libros/L129374.jpg">http://www.biblioeco.unsa.edu.ar/pmb/images/libros/L129374.jpg</a> |
| Link text | Imagen de portada |
| Electronic format type | image/jpeg |
| 942 ## - ADDED ENTRY ELEMENTS (KOHA) | |
| Koha item type | |
| Withdrawn status | Lost status | Damaged status | Not for loan | Home library | Current library | Shelving location | Date acquired | Total checkouts | Full call number | Barcode | Date last seen | Price effective from | Koha item type |
|---|---|---|---|---|---|---|---|---|---|---|---|---|---|
| Biblioteca Prof. Eusebio Cleto del Rey | Biblioteca Prof. Eusebio Cleto del Rey | 07/04/2026 | 657:006.3 C339 v.1 | L129374 | 07/04/2026 | 07/04/2026 | Libro |